[Event "Cochabamba GP op 4th"]
[Site "Cochabamba"]
[Date "2023.09.07"]
[Round "1"]
[White "Fernandez Rocha, Mariana Abigail"]
[Black "Titichoca Daza, Daniel Henry"]
[Result "0-1"]
[WhiteElo "1244"]
[BlackElo "2151"]
[PlyCount "62"]
[EventDate "2023.09.07"]
[EventType "swiss"]
[EventRounds "7"]
[EventCountry "BOL"]
[SourceTitle "EXT 2024"]
[Source "ChessBase"]
[SourceDate "2023.10.10"]
[SourceVersion "1"]
[SourceVersionDate "2023.10.10"]
[SourceQuality "1"]

1. d4 Nf6 2. Bf4 d6 3. e3 g6 4. h3 Bg7 5. Nf3 0-0 6. Bd3 c5 7. c3 Nc6 8. Qe2 cxd4 9. exd4 e5 10. dxe5 dxe5 11. Bg3 e4 12. Bxe4 Nxe4 13. 0-0 Re8 14. Qc4 Qb6 15. Re1 Bf5 16. Bf4 Qxf2+ 17. Kh2 Ne5 18. Qe2 Nxf3+ 19. Qxf3 Qxe1 20. a3 g5 21. Bg3 Nxg3 22. Qxg3 Be5 23. Qxe5 Qxe5+ 24. Kh1 Bxh3 25. Nd2 Bxg2+ 26. Kxg2 Qe2+ 27. Kg1 Qxd2 28. Rf1 Re2 29. b4 Rg2+ 30. Kh1 Rh2+ 31. Kg1 Qg2# 0-1